<?xml version="1.0" encoding="UTF-8"?>
<record
    xmlns:xsi="http://www.w3.org/2001/XMLSchema-instance"
    xsi:schemaLocation="http://www.loc.gov/MARC21/slim http://www.loc.gov/standards/marcxml/schema/MARC21slim.xsd"
    xmlns="http://www.loc.gov/MARC21/slim">

  <leader>00218nam a2200097Ia 4500</leader>
  <controlfield tag="008">170627s9999    xx            000 0 und d</controlfield>
  <datafield tag="100" ind1=" " ind2=" ">
    <subfield code="a">LYNTON ROLF P</subfield>
  </datafield>
  <datafield tag="245" ind1=" " ind2="0">
    <subfield code="a">TRAINING FOR DEVELOPMENT</subfield>
  </datafield>
  <datafield tag="260" ind1=" " ind2=" ">
    <subfield code="b">VISTAR</subfield>
  </datafield>
  <datafield tag="260" ind1=" " ind2=" ">
    <subfield code="c">2008</subfield>
  </datafield>
  <datafield tag="546" ind1=" " ind2=" ">
    <subfield code="a">ENGLISH</subfield>
  </datafield>
  <datafield tag="999" ind1=" " ind2=" ">
    <subfield code="c">35704</subfield>
    <subfield code="d">35704</subfield>
  </datafield>
  <datafield tag="952" ind1=" " ind2=" ">
    <subfield code="0">0</subfield>
    <subfield code="1">0</subfield>
    <subfield code="2">ddc</subfield>
    <subfield code="4">0</subfield>
    <subfield code="7">0</subfield>
    <subfield code="a">21</subfield>
    <subfield code="b">21</subfield>
    <subfield code="d">2017-06-29</subfield>
    <subfield code="l">0</subfield>
    <subfield code="p">21-B-3317</subfield>
    <subfield code="r">2017-06-29</subfield>
    <subfield code="w">2017-06-29</subfield>
    <subfield code="y">02</subfield>
  </datafield>
  <datafield tag="952" ind1=" " ind2=" ">
    <subfield code="0">0</subfield>
    <subfield code="1">0</subfield>
    <subfield code="2">ddc</subfield>
    <subfield code="4">0</subfield>
    <subfield code="7">0</subfield>
    <subfield code="a">21</subfield>
    <subfield code="b">21</subfield>
    <subfield code="d">2017-06-29</subfield>
    <subfield code="l">0</subfield>
    <subfield code="p">21-B-3318</subfield>
    <subfield code="r">2017-06-29</subfield>
    <subfield code="w">2017-06-29</subfield>
    <subfield code="y">02</subfield>
  </datafield>
  <datafield tag="952" ind1=" " ind2=" ">
    <subfield code="0">0</subfield>
    <subfield code="1">0</subfield>
    <subfield code="2">ddc</subfield>
    <subfield code="4">0</subfield>
    <subfield code="7">0</subfield>
    <subfield code="a">21</subfield>
    <subfield code="b">21</subfield>
    <subfield code="d">2017-06-29</subfield>
    <subfield code="l">0</subfield>
    <subfield code="p">21-B-3319</subfield>
    <subfield code="r">2017-06-29</subfield>
    <subfield code="w">2017-06-29</subfield>
    <subfield code="y">02</subfield>
  </datafield>
  <datafield tag="952" ind1=" " ind2=" ">
    <subfield code="0">0</subfield>
    <subfield code="1">0</subfield>
    <subfield code="2">ddc</subfield>
    <subfield code="4">0</subfield>
    <subfield code="7">0</subfield>
    <subfield code="a">21</subfield>
    <subfield code="b">21</subfield>
    <subfield code="d">2017-06-29</subfield>
    <subfield code="l">0</subfield>
    <subfield code="p">21-B-3320</subfield>
    <subfield code="r">2017-06-29</subfield>
    <subfield code="w">2017-06-29</subfield>
    <subfield code="y">02</subfield>
  </datafield>
  <datafield tag="952" ind1=" " ind2=" ">
    <subfield code="0">0</subfield>
    <subfield code="1">0</subfield>
    <subfield code="2">ddc</subfield>
    <subfield code="4">0</subfield>
    <subfield code="7">0</subfield>
    <subfield code="a">21</subfield>
    <subfield code="b">21</subfield>
    <subfield code="d">2017-06-29</subfield>
    <subfield code="l">0</subfield>
    <subfield code="p">21-B-3321</subfield>
    <subfield code="r">2017-06-29</subfield>
    <subfield code="w">2017-06-29</subfield>
    <subfield code="y">02</subfield>
  </datafield>
  <datafield tag="952" ind1=" " ind2=" ">
    <subfield code="0">0</subfield>
    <subfield code="1">0</subfield>
    <subfield code="2">ddc</subfield>
    <subfield code="4">0</subfield>
    <subfield code="7">0</subfield>
    <subfield code="a">21</subfield>
    <subfield code="b">21</subfield>
    <subfield code="d">2017-06-29</subfield>
    <subfield code="l">1</subfield>
    <subfield code="p">21-B-3322</subfield>
    <subfield code="r">2018-05-30</subfield>
    <subfield code="s">2018-03-10</subfield>
    <subfield code="w">2017-06-29</subfield>
    <subfield code="y">02</subfield>
  </datafield>
  <datafield tag="952" ind1=" " ind2=" ">
    <subfield code="0">0</subfield>
    <subfield code="1">0</subfield>
    <subfield code="2">ddc</subfield>
    <subfield code="4">0</subfield>
    <subfield code="7">0</subfield>
    <subfield code="a">21</subfield>
    <subfield code="b">21</subfield>
    <subfield code="d">2017-06-29</subfield>
    <subfield code="l">0</subfield>
    <subfield code="p">21-B-3323</subfield>
    <subfield code="r">2017-06-29</subfield>
    <subfield code="w">2017-06-29</subfield>
    <subfield code="y">02</subfield>
  </datafield>
  <datafield tag="952" ind1=" " ind2=" ">
    <subfield code="0">0</subfield>
    <subfield code="1">0</subfield>
    <subfield code="2">ddc</subfield>
    <subfield code="4">0</subfield>
    <subfield code="7">0</subfield>
    <subfield code="a">21</subfield>
    <subfield code="b">21</subfield>
    <subfield code="d">2017-06-29</subfield>
    <subfield code="l">0</subfield>
    <subfield code="p">21-B-3324</subfield>
    <subfield code="r">2017-06-29</subfield>
    <subfield code="w">2017-06-29</subfield>
    <subfield code="y">02</subfield>
  </datafield>
  <datafield tag="952" ind1=" " ind2=" ">
    <subfield code="0">0</subfield>
    <subfield code="1">0</subfield>
    <subfield code="2">ddc</subfield>
    <subfield code="4">0</subfield>
    <subfield code="7">0</subfield>
    <subfield code="a">21</subfield>
    <subfield code="b">21</subfield>
    <subfield code="d">2017-06-29</subfield>
    <subfield code="l">0</subfield>
    <subfield code="p">21-B-3325</subfield>
    <subfield code="r">2017-06-29</subfield>
    <subfield code="w">2017-06-29</subfield>
    <subfield code="y">02</subfield>
  </datafield>
  <datafield tag="952" ind1=" " ind2=" ">
    <subfield code="0">0</subfield>
    <subfield code="1">0</subfield>
    <subfield code="2">ddc</subfield>
    <subfield code="4">0</subfield>
    <subfield code="7">0</subfield>
    <subfield code="a">21</subfield>
    <subfield code="b">21</subfield>
    <subfield code="d">2017-06-29</subfield>
    <subfield code="l">0</subfield>
    <subfield code="p">21-B-3326</subfield>
    <subfield code="r">2017-06-29</subfield>
    <subfield code="w">2017-06-29</subfield>
    <subfield code="y">02</subfield>
  </datafield>
  <datafield tag="952" ind1=" " ind2=" ">
    <subfield code="0">0</subfield>
    <subfield code="1">0</subfield>
    <subfield code="2">ddc</subfield>
    <subfield code="4">0</subfield>
    <subfield code="7">0</subfield>
    <subfield code="a">21</subfield>
    <subfield code="b">21</subfield>
    <subfield code="d">2017-06-29</subfield>
    <subfield code="l">1</subfield>
    <subfield code="p">21-B-3327</subfield>
    <subfield code="r">2019-06-10</subfield>
    <subfield code="s">2019-02-01</subfield>
    <subfield code="w">2017-06-29</subfield>
    <subfield code="y">02</subfield>
  </datafield>
  <datafield tag="952" ind1=" " ind2=" ">
    <subfield code="0">0</subfield>
    <subfield code="1">0</subfield>
    <subfield code="2">ddc</subfield>
    <subfield code="4">0</subfield>
    <subfield code="7">0</subfield>
    <subfield code="a">21</subfield>
    <subfield code="b">21</subfield>
    <subfield code="d">2017-06-29</subfield>
    <subfield code="l">0</subfield>
    <subfield code="p">21-B-3328</subfield>
    <subfield code="r">2017-06-29</subfield>
    <subfield code="w">2017-06-29</subfield>
    <subfield code="y">02</subfield>
  </datafield>
  <datafield tag="952" ind1=" " ind2=" ">
    <subfield code="0">0</subfield>
    <subfield code="1">0</subfield>
    <subfield code="2">ddc</subfield>
    <subfield code="4">0</subfield>
    <subfield code="7">0</subfield>
    <subfield code="a">21</subfield>
    <subfield code="b">21</subfield>
    <subfield code="d">2017-06-29</subfield>
    <subfield code="l">1</subfield>
    <subfield code="p">21-B-3329</subfield>
    <subfield code="r">2019-05-11</subfield>
    <subfield code="s">2019-02-14</subfield>
    <subfield code="w">2017-06-29</subfield>
    <subfield code="y">02</subfield>
  </datafield>
  <datafield tag="952" ind1=" " ind2=" ">
    <subfield code="0">0</subfield>
    <subfield code="1">0</subfield>
    <subfield code="2">ddc</subfield>
    <subfield code="4">0</subfield>
    <subfield code="7">0</subfield>
    <subfield code="a">21</subfield>
    <subfield code="b">21</subfield>
    <subfield code="d">2017-06-29</subfield>
    <subfield code="l">0</subfield>
    <subfield code="p">21-B-3330</subfield>
    <subfield code="r">2017-06-29</subfield>
    <subfield code="w">2017-06-29</subfield>
    <subfield code="y">02</subfield>
  </datafield>
  <datafield tag="952" ind1=" " ind2=" ">
    <subfield code="0">0</subfield>
    <subfield code="1">0</subfield>
    <subfield code="2">ddc</subfield>
    <subfield code="4">0</subfield>
    <subfield code="7">0</subfield>
    <subfield code="a">21</subfield>
    <subfield code="b">21</subfield>
    <subfield code="d">2017-06-29</subfield>
    <subfield code="l">0</subfield>
    <subfield code="p">21-B-3331</subfield>
    <subfield code="r">2017-06-29</subfield>
    <subfield code="w">2017-06-29</subfield>
    <subfield code="y">02</subfield>
  </datafield>
  <datafield tag="952" ind1=" " ind2=" ">
    <subfield code="0">0</subfield>
    <subfield code="1">0</subfield>
    <subfield code="2">ddc</subfield>
    <subfield code="4">0</subfield>
    <subfield code="7">0</subfield>
    <subfield code="a">21</subfield>
    <subfield code="b">21</subfield>
    <subfield code="d">2017-06-29</subfield>
    <subfield code="l">0</subfield>
    <subfield code="p">21-B-3332</subfield>
    <subfield code="r">2017-06-29</subfield>
    <subfield code="w">2017-06-29</subfield>
    <subfield code="y">02</subfield>
  </datafield>
  <datafield tag="952" ind1=" " ind2=" ">
    <subfield code="0">0</subfield>
    <subfield code="1">0</subfield>
    <subfield code="2">ddc</subfield>
    <subfield code="4">0</subfield>
    <subfield code="7">0</subfield>
    <subfield code="a">21</subfield>
    <subfield code="b">21</subfield>
    <subfield code="d">2017-06-29</subfield>
    <subfield code="l">0</subfield>
    <subfield code="p">21-B-3333</subfield>
    <subfield code="r">2017-06-29</subfield>
    <subfield code="w">2017-06-29</subfield>
    <subfield code="y">02</subfield>
  </datafield>
  <datafield tag="952" ind1=" " ind2=" ">
    <subfield code="0">0</subfield>
    <subfield code="1">0</subfield>
    <subfield code="2">ddc</subfield>
    <subfield code="4">0</subfield>
    <subfield code="7">0</subfield>
    <subfield code="a">21</subfield>
    <subfield code="b">21</subfield>
    <subfield code="d">2017-06-29</subfield>
    <subfield code="l">0</subfield>
    <subfield code="p">21-B-3334</subfield>
    <subfield code="r">2017-06-29</subfield>
    <subfield code="w">2017-06-29</subfield>
    <subfield code="y">02</subfield>
  </datafield>
  <datafield tag="952" ind1=" " ind2=" ">
    <subfield code="0">0</subfield>
    <subfield code="1">0</subfield>
    <subfield code="2">ddc</subfield>
    <subfield code="4">0</subfield>
    <subfield code="7">0</subfield>
    <subfield code="a">21</subfield>
    <subfield code="b">21</subfield>
    <subfield code="d">2017-06-29</subfield>
    <subfield code="l">0</subfield>
    <subfield code="p">21-B-3335</subfield>
    <subfield code="r">2017-06-29</subfield>
    <subfield code="w">2017-06-29</subfield>
    <subfield code="y">02</subfield>
  </datafield>
  <datafield tag="952" ind1=" " ind2=" ">
    <subfield code="0">0</subfield>
    <subfield code="1">0</subfield>
    <subfield code="2">ddc</subfield>
    <subfield code="4">0</subfield>
    <subfield code="7">0</subfield>
    <subfield code="a">21</subfield>
    <subfield code="b">21</subfield>
    <subfield code="d">2017-06-29</subfield>
    <subfield code="l">0</subfield>
    <subfield code="p">21-B-3336</subfield>
    <subfield code="r">2017-06-29</subfield>
    <subfield code="w">2017-06-29</subfield>
    <subfield code="y">02</subfield>
  </datafield>
  <datafield tag="952" ind1=" " ind2=" ">
    <subfield code="0">0</subfield>
    <subfield code="1">0</subfield>
    <subfield code="2">ddc</subfield>
    <subfield code="4">0</subfield>
    <subfield code="7">0</subfield>
    <subfield code="a">21</subfield>
    <subfield code="b">21</subfield>
    <subfield code="d">2017-06-29</subfield>
    <subfield code="l">0</subfield>
    <subfield code="p">21-B-3337</subfield>
    <subfield code="r">2017-06-29</subfield>
    <subfield code="w">2017-06-29</subfield>
    <subfield code="y">02</subfield>
  </datafield>
  <datafield tag="952" ind1=" " ind2=" ">
    <subfield code="0">0</subfield>
    <subfield code="1">0</subfield>
    <subfield code="2">ddc</subfield>
    <subfield code="4">0</subfield>
    <subfield code="7">0</subfield>
    <subfield code="a">21</subfield>
    <subfield code="b">21</subfield>
    <subfield code="d">2017-06-29</subfield>
    <subfield code="l">0</subfield>
    <subfield code="p">21-B-3338</subfield>
    <subfield code="r">2017-06-29</subfield>
    <subfield code="w">2017-06-29</subfield>
    <subfield code="y">02</subfield>
  </datafield>
  <datafield tag="952" ind1=" " ind2=" ">
    <subfield code="0">0</subfield>
    <subfield code="1">0</subfield>
    <subfield code="2">ddc</subfield>
    <subfield code="4">0</subfield>
    <subfield code="7">0</subfield>
    <subfield code="a">21</subfield>
    <subfield code="b">21</subfield>
    <subfield code="d">2017-06-29</subfield>
    <subfield code="l">0</subfield>
    <subfield code="p">21-B-3339</subfield>
    <subfield code="r">2017-06-29</subfield>
    <subfield code="w">2017-06-29</subfield>
    <subfield code="y">02</subfield>
  </datafield>
  <datafield tag="952" ind1=" " ind2=" ">
    <subfield code="0">0</subfield>
    <subfield code="1">0</subfield>
    <subfield code="2">ddc</subfield>
    <subfield code="4">0</subfield>
    <subfield code="7">0</subfield>
    <subfield code="a">21</subfield>
    <subfield code="b">21</subfield>
    <subfield code="d">2017-06-29</subfield>
    <subfield code="l">0</subfield>
    <subfield code="p">21-B-3340</subfield>
    <subfield code="r">2017-06-29</subfield>
    <subfield code="w">2017-06-29</subfield>
    <subfield code="y">02</subfield>
  </datafield>
  <datafield tag="952" ind1=" " ind2=" ">
    <subfield code="0">0</subfield>
    <subfield code="1">0</subfield>
    <subfield code="2">ddc</subfield>
    <subfield code="4">0</subfield>
    <subfield code="7">0</subfield>
    <subfield code="a">21</subfield>
    <subfield code="b">21</subfield>
    <subfield code="d">2017-06-29</subfield>
    <subfield code="l">0</subfield>
    <subfield code="p">21-B-3341</subfield>
    <subfield code="r">2017-06-29</subfield>
    <subfield code="w">2017-06-29</subfield>
    <subfield code="y">02</subfield>
  </datafield>
  <datafield tag="952" ind1=" " ind2=" ">
    <subfield code="0">0</subfield>
    <subfield code="1">0</subfield>
    <subfield code="2">ddc</subfield>
    <subfield code="4">0</subfield>
    <subfield code="7">0</subfield>
    <subfield code="a">21</subfield>
    <subfield code="b">21</subfield>
    <subfield code="d">2017-06-29</subfield>
    <subfield code="l">0</subfield>
    <subfield code="p">21-B-3342</subfield>
    <subfield code="r">2017-06-29</subfield>
    <subfield code="w">2017-06-29</subfield>
    <subfield code="y">02</subfield>
  </datafield>
  <datafield tag="952" ind1=" " ind2=" ">
    <subfield code="0">0</subfield>
    <subfield code="1">0</subfield>
    <subfield code="2">ddc</subfield>
    <subfield code="4">0</subfield>
    <subfield code="7">0</subfield>
    <subfield code="a">21</subfield>
    <subfield code="b">21</subfield>
    <subfield code="d">2017-06-29</subfield>
    <subfield code="l">0</subfield>
    <subfield code="p">21-B-3343</subfield>
    <subfield code="r">2017-06-29</subfield>
    <subfield code="w">2017-06-29</subfield>
    <subfield code="y">02</subfield>
  </datafield>
  <datafield tag="952" ind1=" " ind2=" ">
    <subfield code="0">0</subfield>
    <subfield code="1">0</subfield>
    <subfield code="2">ddc</subfield>
    <subfield code="4">0</subfield>
    <subfield code="7">0</subfield>
    <subfield code="a">21</subfield>
    <subfield code="b">21</subfield>
    <subfield code="d">2017-06-29</subfield>
    <subfield code="l">0</subfield>
    <subfield code="p">21-B-3344</subfield>
    <subfield code="r">2017-06-29</subfield>
    <subfield code="w">2017-06-29</subfield>
    <subfield code="y">02</subfield>
  </datafield>
  <datafield tag="952" ind1=" " ind2=" ">
    <subfield code="0">0</subfield>
    <subfield code="1">0</subfield>
    <subfield code="2">ddc</subfield>
    <subfield code="4">0</subfield>
    <subfield code="7">0</subfield>
    <subfield code="a">21</subfield>
    <subfield code="b">21</subfield>
    <subfield code="d">2017-06-29</subfield>
    <subfield code="l">0</subfield>
    <subfield code="p">21-B-3345</subfield>
    <subfield code="r">2017-06-29</subfield>
    <subfield code="w">2017-06-29</subfield>
    <subfield code="y">02</subfield>
  </datafield>
  <datafield tag="952" ind1=" " ind2=" ">
    <subfield code="0">0</subfield>
    <subfield code="1">0</subfield>
    <subfield code="2">ddc</subfield>
    <subfield code="4">0</subfield>
    <subfield code="7">0</subfield>
    <subfield code="a">21</subfield>
    <subfield code="b">21</subfield>
    <subfield code="d">2017-06-29</subfield>
    <subfield code="l">0</subfield>
    <subfield code="p">21-B-3346</subfield>
    <subfield code="r">2017-06-29</subfield>
    <subfield code="w">2017-06-29</subfield>
    <subfield code="y">02</subfield>
  </datafield>
  <datafield tag="952" ind1=" " ind2=" ">
    <subfield code="0">0</subfield>
    <subfield code="1">0</subfield>
    <subfield code="2">ddc</subfield>
    <subfield code="4">0</subfield>
    <subfield code="7">0</subfield>
    <subfield code="a">21</subfield>
    <subfield code="b">21</subfield>
    <subfield code="d">2017-06-29</subfield>
    <subfield code="l">0</subfield>
    <subfield code="p">21-B-3347</subfield>
    <subfield code="r">2017-06-29</subfield>
    <subfield code="w">2017-06-29</subfield>
    <subfield code="y">02</subfield>
  </datafield>
  <datafield tag="952" ind1=" " ind2=" ">
    <subfield code="0">0</subfield>
    <subfield code="1">0</subfield>
    <subfield code="2">ddc</subfield>
    <subfield code="4">0</subfield>
    <subfield code="7">0</subfield>
    <subfield code="a">21</subfield>
    <subfield code="b">21</subfield>
    <subfield code="d">2017-06-29</subfield>
    <subfield code="l">0</subfield>
    <subfield code="p">21-B-3348</subfield>
    <subfield code="r">2017-06-29</subfield>
    <subfield code="w">2017-06-29</subfield>
    <subfield code="y">02</subfield>
  </datafield>
  <datafield tag="952" ind1=" " ind2=" ">
    <subfield code="0">0</subfield>
    <subfield code="1">0</subfield>
    <subfield code="2">ddc</subfield>
    <subfield code="4">0</subfield>
    <subfield code="7">0</subfield>
    <subfield code="a">21</subfield>
    <subfield code="b">21</subfield>
    <subfield code="d">2017-06-29</subfield>
    <subfield code="l">0</subfield>
    <subfield code="p">21-B-3349</subfield>
    <subfield code="r">2017-06-29</subfield>
    <subfield code="w">2017-06-29</subfield>
    <subfield code="y">02</subfield>
  </datafield>
  <datafield tag="952" ind1=" " ind2=" ">
    <subfield code="0">0</subfield>
    <subfield code="1">0</subfield>
    <subfield code="2">ddc</subfield>
    <subfield code="4">0</subfield>
    <subfield code="7">0</subfield>
    <subfield code="a">21</subfield>
    <subfield code="b">21</subfield>
    <subfield code="d">2017-06-29</subfield>
    <subfield code="l">0</subfield>
    <subfield code="p">21-B-3350</subfield>
    <subfield code="r">2017-06-29</subfield>
    <subfield code="w">2017-06-29</subfield>
    <subfield code="y">02</subfield>
  </datafield>
  <datafield tag="952" ind1=" " ind2=" ">
    <subfield code="0">0</subfield>
    <subfield code="1">0</subfield>
    <subfield code="2">ddc</subfield>
    <subfield code="4">0</subfield>
    <subfield code="7">0</subfield>
    <subfield code="a">21</subfield>
    <subfield code="b">21</subfield>
    <subfield code="d">2017-06-29</subfield>
    <subfield code="l">0</subfield>
    <subfield code="p">21-B-3351</subfield>
    <subfield code="r">2017-06-29</subfield>
    <subfield code="w">2017-06-29</subfield>
    <subfield code="y">02</subfield>
  </datafield>
  <datafield tag="952" ind1=" " ind2=" ">
    <subfield code="0">0</subfield>
    <subfield code="1">0</subfield>
    <subfield code="2">ddc</subfield>
    <subfield code="4">0</subfield>
    <subfield code="7">0</subfield>
    <subfield code="a">21</subfield>
    <subfield code="b">21</subfield>
    <subfield code="d">2017-06-29</subfield>
    <subfield code="l">0</subfield>
    <subfield code="p">21-B-3352</subfield>
    <subfield code="r">2017-06-29</subfield>
    <subfield code="w">2017-06-29</subfield>
    <subfield code="y">02</subfield>
  </datafield>
  <datafield tag="952" ind1=" " ind2=" ">
    <subfield code="0">0</subfield>
    <subfield code="1">0</subfield>
    <subfield code="2">ddc</subfield>
    <subfield code="4">0</subfield>
    <subfield code="7">0</subfield>
    <subfield code="a">21</subfield>
    <subfield code="b">21</subfield>
    <subfield code="d">2017-06-29</subfield>
    <subfield code="l">0</subfield>
    <subfield code="p">21-B-3353</subfield>
    <subfield code="r">2017-06-29</subfield>
    <subfield code="w">2017-06-29</subfield>
    <subfield code="y">02</subfield>
  </datafield>
  <datafield tag="952" ind1=" " ind2=" ">
    <subfield code="0">0</subfield>
    <subfield code="1">0</subfield>
    <subfield code="2">ddc</subfield>
    <subfield code="4">0</subfield>
    <subfield code="7">0</subfield>
    <subfield code="a">21</subfield>
    <subfield code="b">21</subfield>
    <subfield code="d">2017-06-29</subfield>
    <subfield code="l">0</subfield>
    <subfield code="p">21-B-3354</subfield>
    <subfield code="r">2017-06-29</subfield>
    <subfield code="w">2017-06-29</subfield>
    <subfield code="y">02</subfield>
  </datafield>
  <datafield tag="952" ind1=" " ind2=" ">
    <subfield code="0">0</subfield>
    <subfield code="1">0</subfield>
    <subfield code="2">ddc</subfield>
    <subfield code="4">0</subfield>
    <subfield code="7">0</subfield>
    <subfield code="a">21</subfield>
    <subfield code="b">21</subfield>
    <subfield code="d">2017-06-29</subfield>
    <subfield code="l">0</subfield>
    <subfield code="p">21-B-3355</subfield>
    <subfield code="r">2017-06-29</subfield>
    <subfield code="w">2017-06-29</subfield>
    <subfield code="y">02</subfield>
  </datafield>
  <datafield tag="952" ind1=" " ind2=" ">
    <subfield code="0">0</subfield>
    <subfield code="1">0</subfield>
    <subfield code="2">ddc</subfield>
    <subfield code="4">0</subfield>
    <subfield code="7">0</subfield>
    <subfield code="a">21</subfield>
    <subfield code="b">21</subfield>
    <subfield code="d">2017-06-29</subfield>
    <subfield code="l">0</subfield>
    <subfield code="p">21-B-3356</subfield>
    <subfield code="r">2017-06-29</subfield>
    <subfield code="w">2017-06-29</subfield>
    <subfield code="y">02</subfield>
  </datafield>
</record>
